[Event "URS-FL"]
[Site "Kursk"]
[Date "1987.??.??"]
[Round "?"]
[White "Gleizerov, Evgeny"]
[Black "Ulibin, Mikhail"]
[Result "1-0"]
[WhiteElo "2405"]
[BlackElo "2240"]

1.d4 Nf6 2.c4 e6 3.g3 c5 4.d5 exd5 5.cxd5 d6 6.Bg2 g6 7.Nf3 Bg7 8.O-O O-O
9.Nc3 Re8 10.Bf4 a6 11.a4 h6 12.Qc1 g5 13.Bd2 Nbd7 14.h4 g4 15.Ne1 Kh7 16.Nc2 Ne5
17.Ne3 Rb8 18.Rb1 b5 19.axb5 axb5 20.b4 c4 21.Ra1 Ng6 22.Qc2 Re5 23.Ra7 Kg8
24.Rfa1 Nh5 25.R1a5 Qe8 26.Ne4 Rb6 27.Bc3 f5 28.Bd4 Rxe4 29.Bxb6 Re5 30.Ra8 f4
31.Nxg4 fxg3 32.Nxe5 Nxe5 33.Bh3 gxf2+ 34.Bxf2 Nd7 35.Qf5 Nhf6 36.Qf3  1-0

[Event "Munich zt"]
[Site "Munich"]
[Date "1987.??.??"]
[Round "?"]
[White "Birnboim, Nathan"]
[Black "Bischoff, Klaus"]
[Result "1/2-1/2"]
[WhiteElo "2465"]
[BlackElo "2485"]

1.d4 Nf6 2.c4 e6 3.g3 c5 4.d5 exd5 5.cxd5 d6 6.Nc3 g6 7.Bg2 Bg7 8.Nf3 O-O
9.O-O a6 10.a4 Nbd7 11.Nd2 Rb8 12.Nc4 Ne8 13.Qb3 Ne5 14.Nb6 f5 15.Bd2 Bd7
16.f4 Ng4 17.Rfe1 Bb5 18.a5 Nc7 19.h3 Nf6 20.e4 fxe4 21.Nxe4 Nxe4 22.Rxe4 Re8
23.Rae1 Rxe4 24.Rxe4 Qf8 25.Bc3 Re8 26.Qc2 Rxe4 27.Bxe4 Ne8 28.f5 g5 29.Bd3 Qe7
30.Kf2 Bxc3 31.bxc3 Nf6 32.c4 Bd7 33.Qd2 Kf7 34.Qe3 Qxe3+ 35.Kxe3 Ke7 36.Bc2 h6
37.Kf3 Kd8 38.g4 Kc7 39.Ba4 Bc8 40.Ke3 Kb8 41.Kf3  1/2-1/2

[Event "Munich zt"]
[Site "Munich"]
[Date "1987.??.??"]
[Round "?"]
[White "Birnboim, Nathan"]
[Black "Gruenfeld, Yehuda"]
[Result "1/2-1/2"]
[WhiteElo "2465"]
[BlackElo "2540"]

1.d4 Nf6 2.c4 e6 3.g3 c5 4.d5 exd5 5.cxd5 d6 6.Nc3 g6 7.Bg2 Bg7 8.Nf3 O-O
9.O-O Re8 10.Bf4 Nh5 11.Bg5 Qb6 12.Qc1 Nd7 13.a4 c4 14.Be3 Nc5 15.Nd2 Rxe3
16.fxe3 Qb4 17.Na2 Qxb2 18.Nxc4 Qxa1 19.Qa3 Qxf1+ 20.Kxf1 Bf8 21.e4 f6 22.Nc3 Bd7
23.Nb5 Nxa4 24.Qxa4 a6 25.Qb3 Bxb5 26.Na3 Re8 27.Nxb5 axb5 28.Qxb5 Re5 29.Qxb7 Ng7
30.Bh3 Rxe4 31.Bd7 h5 32.Qc8 Kf7 33.Qc7 Be7 34.Qc2 f5 35.Qc1 h4 36.Qh6 hxg3
37.hxg3 Re5 38.Bc6 Bf6 39.Qh7 Re7 40.Bb5 Re4 41.Bd7 Be5 42.Be6+ Kf6 43.Qh8 Kg5
44.Qd8+ Kh6 45.Qh8+  1/2-1/2

[Event "Pavlodar"]
[Site "Pavlodar"]
[Date "1987.??.??"]
[Round "?"]
[White "Gleizerov, Evgeny"]
[Black "Magerramov, Elmar"]
[Result "1/2-1/2"]
[WhiteElo "2410"]
[BlackElo "2440"]

1.d4 Nf6 2.c4 e6 3.g3 c5 4.d5 exd5 5.cxd5 d6 6.Bg2 g6 7.Nf3 Bg7 8.O-O O-O
9.Nc3 a6 10.a4 Nbd7 11.Bf4 Qe7 12.h3 Re8 13.Re1 Qf8 14.e4 Nh5 15.Bd2 Ne5
16.Nxe5 Bxe5 17.Kh2 Bd7 18.f4 Bd4 19.Ne2 Bxb2 20.Rb1 Bg7 21.Rxb7 Bc8 22.Rb3 Nf6
23.Ng1 Nd7 24.Nf3 c4 25.Rbe3 Rb8 26.e5 Nc5 27.Ba5 Rb7 28.Qc2 Nb3 29.Bc3 Bf5
30.Qa2 Bd3 31.Bb2 Rc8 32.Ba3 Nc5 33.Nd4 dxe5 34.fxe5 Bh6 35.Rf3 Qd8 36.e6 Qa5
37.Qf2 Ne4 38.Rxe4 Bxe4 39.exf7+ Rxf7 40.Rxf7 Qxd5 41.Rf6 Bxg2 42.Rd6 Qb7
43.Qxg2 Qxg2+ 44.Kxg2 Bf8 45.Rxa6  1/2-1/2

[Event "EU-Cup"]
[Site "Rotterdam"]
[Date "1987.??.??"]
[Round "2"]
[White "Sosonko, Gennadi"]
[Black "Szypulski, Andrzej"]
[Result "1/2-1/2"]
[WhiteElo "2535"]
[BlackElo "2365"]

1.d4 e6 2.c4 Nf6 3.g3 c5 4.d5 exd5 5.cxd5 d6 6.Nc3 g6 7.Bg2 Bg7 8.Nf3 O-O
9.O-O Na6 10.h3 Rb8 11.e4 Re8 12.Re1 b5 13.e5 b4 14.Na4 Nd7 15.exd6 Rxe1+
16.Qxe1 Bb7 17.Qd1 Ne5 18.Bf4 Qxd6 19.Qe2 Re8 20.Nxe5 Bxe5 21.Re1 f6 22.Qb5 Rb8
23.Bxe5 fxe5 24.Qe2 Re8 25.Qb5 Re7 26.b3 Kg7 27.Nb2 Bxd5 28.Bxd5 Nc7 29.Qc6 Qxd5
30.Qxd5 Nxd5 31.Nd3 Nc3 32.Nxc5 Nxa2 33.Ra1 Nc3 34.Nd3 Ne2+ 35.Kg2 Nd4 36.Nxb4 Nxb3
37.Ra6 Nd4 38.Nc6 Nxc6 39.Rxc6 e4 40.Ra6 Kf7 41.h4 Ke8 42.Kh3 Rf7 43.Re6+ Re7
44.Rd6 Rf7 45.Kg2 Rd7 46.Re6+ Re7 47.Rd6 e3 48.fxe3 Rxe3 49.Kf2 Re7 50.Kf3 Rd7
51.Rc6 Kd8 52.Kf4 Rc7 53.Ra6 Kc8 54.Ra1 Kb7 55.Rb1+ Ka8 56.Ke5 a6 57.Kf6 Ka7
58.g4 a5 59.h5 gxh5 60.gxh5 Ka6 61.Ra1 Ra7 62.Rb1 a4 63.Kg5 Ka5 64.Kh6 a3
65.Rg1 Rb7 66.Rg3 Ka4 67.Rg4+ Rb4 68.Rg7 Rb5 69.Rg4+  1/2-1/2

[Event "FRA-ch"]
[Site "Rouen"]
[Date "1987.??.??"]
[Round "9"]
[White "Mayer, J."]
[Black "Adrian, Claude"]
[Result "1/2-1/2"]
[WhiteElo "2200"]
[BlackElo "2355"]

1.d4 e6 2.c4 Nf6 3.g3 c5 4.Nf3 cxd4 5.Nxd4 Nc6 6.Nxc6 bxc6 7.Bg2 Rb8 8.Nc3 Be7
9.Qc2 Qc7 10.O-O O-O 11.e4 d6 12.h3 Rd8 13.Bf4 e5 14.Bg5 Be6 15.Qe2 h6 16.Be3 Bf8
17.Rac1 Qb7 18.b3 g6 19.Rfd1 Bg7 20.c5 d5 21.exd5 cxd5 22.c6 Qxc6 23.Nxd5 Qe8
24.Nxf6+ Bxf6 25.Bxa7 Rbc8 26.Bb6 Rxd1+ 27.Rxd1 Bf5 28.Be4 Bxh3 29.a4 Qe6
30.a5 Qxb3 31.Qf3 Rc3 32.Be3 Bf5 33.Rb1 Qe6 34.Rb8+ Kh7 35.Rb6 Bxe4 36.Qxe4 Qe7
37.a6 Bg5 38.Qb7 Rc7 39.Bxg5 hxg5 40.Qh1+ Kg7 41.Rc6 Rd7 42.Qf3 Rd4 43.Rb6  1/2-1/2

[Event "Timisoara"]
[Site "Timisoara"]
[Date "1987.??.??"]
[Round "?"]
[White "Ghitescu, Theodor"]
[Black "Ionescu, Constantin"]
[Result "1/2-1/2"]
[WhiteElo "2405"]
[BlackElo "2520"]

1.d4 Nf6 2.c4 e6 3.g3 c5 4.d5 exd5 5.cxd5 d6 6.Bg2 g6 7.Nc3 Bg7 8.Nf3 O-O
9.O-O Na6 10.e4 Bg4 11.h3 Bxf3 12.Bxf3 Nd7 13.Bg2 c4 14.Be3 Nac5 15.Bd4 Nd3
16.Bxg7 Kxg7 17.b3 Qa5 18.Ne2 Qc5 19.bxc4 Qxc4 20.Qb3 Qxb3 21.axb3 N7c5  1/2-1/2

[Event "Trnava"]
[Site "Trnava"]
[Date "1987.??.??"]
[Round "?"]
[White "Palatnik, Semon"]
[Black "Kindermann, Stefan"]
[Result "1/2-1/2"]
[WhiteElo "2445"]
[BlackElo "2520"]

1.d4 Nf6 2.c4 e6 3.g3 c5 4.Nf3 cxd4 5.Nxd4 Bb4+ 6.Bd2 Qb6 7.Bg2 Nc6 8.Nb3 a5
9.O-O a4 10.Be3 Qa6 11.Nc5 Qa5 12.Nd3 d5 13.Nxb4 Qxb4 14.Qc2 dxc4 15.Na3 Nd5
16.Bd2 c3 17.Bxc3 Nxc3 18.Qxc3 Qxc3 19.bxc3 Ke7 20.Nc4 Rd8 21.Rab1 Ra6 22.Rfc1 e5
23.e3 f6 24.Nb6 Be6 25.c4 Kf8 26.Nd5 Rd7 27.Rb5 Na7 28.Rb6 Rxb6 29.Nxb6 Rc7
30.Rb1 Nc8 31.a3 Nxb6 32.Rxb6 Bxc4 33.Rxb7 Rc8 34.Ra7 Bb3 35.Ra8 Rxa8 36.Bxa8 Ke7  1/2-1/2

[Event "Zenica"]
[Site "Zenica"]
[Date "1987.??.??"]
[Round "?"]
[White "Flear, Glenn C"]
[Black "Dizdarevic, Emir"]
[Result "1/2-1/2"]
[WhiteElo "2495"]
[BlackElo "2490"]

1.d4 Nf6 2.c4 e6 3.g3 c5 4.Nf3 cxd4 5.Nxd4 Qc7 6.Nc3 a6 7.Qd3 Be7 8.Bg2 O-O
9.O-O Nc6 10.Nxc6 dxc6 11.b3 e5 12.Bb2 Rd8 13.Qc2 Be6 14.Rad1  1/2-1/2

[Event "Wch U20"]
[Site "Adelaide"]
[Date "1988.??.??"]
[Round "5"]
[White "Manor, Ilan"]
[Black "Capo, Jose"]
[Result "1/2-1/2"]
[WhiteElo "2430"]
[BlackElo "2295"]

1.d4 Nf6 2.c4 e6 3.g3 c5 4.Nf3 cxd4 5.Nxd4 Nc6 6.Bg2 Bc5 7.Nb3 Bb4+ 8.Nc3 d5
9.O-O dxc4 10.Nd2 Nd5 11.Nxc4 Nxc3 12.bxc3 Qxd1 13.Rxd1 Bxc3 14.Nd6+ Ke7
15.Rb1 a5 16.Nxc8+ Rhxc8 17.Rxb7+ Kf6 18.Rdd7 Nd8 19.Rb5 Nc6 20.Rd6 Nd4 21.Bg5+ Kg6
22.Be4+ f5 23.Bxa8 Rxa8 24.Rb7 Kxg5 25.Rxg7+ Kf6 26.Rdd7 Ke5 27.e3 Ne2+ 28.Kg2 Rb8
29.Rxh7 Rb2 30.h4 Nc1 31.Kf1 Ke4 32.Rc7 Nxa2 33.Rc4+ Kd5 34.Rhc7 Bb4 35.Rd4+ Ke5
36.Rf7 Rb1+ 37.Kg2 Rb2 38.Kg1 Rb1+ 39.Kh2 Rb2 40.Kg1 Rb1+ 41.Kg2 Rb2 42.h5 Be1
43.Kf1 Bxf2 44.h6 Bxg3 45.Rg7 Rh2  1/2-1/2

[Event "Baku"]
[Site "Baku"]
[Date "1988.??.??"]
[Round "?"]
[White "Palatnik, Semon"]
[Black "Guseinov, Aidyn"]
[Result "1/2-1/2"]
[WhiteElo "2500"]
[BlackElo "2325"]

1.d4 Nf6 2.c4 e6 3.g3 c5 4.Nf3 cxd4 5.Nxd4 d5 6.Bg2 e5 7.Nf3 d4 8.O-O Nc6
9.e3 Bc5 10.exd4 exd4 11.Re1+ Be6 12.Ng5 O-O 13.Nxe6 fxe6 14.Nd2 Qb6 15.Nb3  1/2-1/2

[Event "GMA-Open"]
[Site "Belgrade"]
[Date "1988.??.??"]
[Round "?"]
[White "Sulava, Nenad"]
[Black "Olafsson, Helgi"]
[Result "0-1"]
[WhiteElo "2395"]
[BlackElo "2525"]

1.d4 Nf6 2.c4 e6 3.g3 c5 4.Nf3 cxd4 5.Nxd4 Qb6 6.Bg2 Bc5 7.e3 Nc6 8.Nb3 Be7
9.O-O O-O 10.Nc3 d6 11.e4 Qc7 12.Bf4 Ne5 13.Rc1 b6 14.Nd4 Bb7 15.b3 a6 16.Qe2 Rac8
17.h3 Rfe8 18.Be3 Ned7 19.Rfe1 Bf8 20.a4 g6 21.Qa2 Bg7 22.Rcd1 Qb8 23.Qb1 h5
24.Re2 Qa8 25.Bc1 Nc5 26.Ndb5 axb5 27.Nxb5 Nfxe4 28.Bb2 Bf8 29.Rde1  0-1

[Event "Berlin op"]
[Site "Berlin-West"]
[Date "1988.??.??"]
[Round "5"]
[White "Manor, Ilan"]
[Black "Psakhis, Lev"]
[Result "0-1"]
[WhiteElo "2430"]
[BlackElo "2560"]

1.d4 Nf6 2.c4 e6 3.g3 c5 4.Nf3 cxd4 5.Nxd4 Qb6 6.Bg2 Bc5 7.e3 Nc6 8.O-O Nxd4
9.exd4 Bxd4 10.Nc3 e5 11.Qc2 O-O 12.Rb1 h6 13.b3 Rd8 14.Ba3 d6 15.Nb5 Bc5
16.b4 Bd4 17.Rfd1 Bg4 18.Rd2 d5 19.Nxd4 exd4 20.c5 Qe6 21.Rc1 Bf5 22.Qd1 d3
23.Bb2 Bg4 24.Bf3 Bxf3 25.Qxf3 Ne4 26.Rxd3 Ng5 27.Qe3 Qg6 28.Re1 Kh7 29.Qd2 d4
30.Kg2 a5 31.b5 Qf5 32.Qc2 g6 33.h4 Qd5+ 34.f3 Ne6 35.Ba3 Rac8 36.Rc1 b6
37.c6 Qxb5 38.Qb3 Qe5 39.Kf2 b5 40.Re1 Qf5 41.Be7 a4 42.Qc2 Re8 43.Bb4 Qd5
44.Rc1 Rc7 45.Ba5 Ra7 46.c7 Rc8 47.Bb6 Ra6 48.Qc6 Qxa2+ 49.Kg1 Rxc7  0-1

[Event "Berlin op"]
[Site "Berlin-West"]
[Date "1988.??.??"]
[Round "9"]
[White "Bartels, Hans A"]
[Black "Dizdarevic, Emir"]
[Result "1/2-1/2"]
[WhiteElo "2345"]
[BlackElo "2495"]

1.d4 Nf6 2.c4 e6 3.g3 c5 4.d5 exd5 5.cxd5 d6 6.Nc3 g6 7.Bg2 Bg7 8.Nf3 O-O
9.O-O a6 10.a4 Nbd7 11.Bf4 Qe7 12.h3 Rb8 13.e4 Ne8 14.Qd2 b5 15.axb5 axb5
16.Ra7 b4 17.Na4 Rb7 18.Rxb7 Bxb7 19.Re1 Nc7 20.e5 Nxd5 21.exd6 Qd8 22.Bh6 Bxh6
23.Qxh6 N5f6 24.Re7 Re8 25.Ng5 Rxe7 26.dxe7 Qxe7 27.Bxb7 Qd6 28.Bf3 Ne5 29.Kg2 Qd2
30.Nxc5 Nxf3 31.Nce4 Ne1+ 32.Kf1 Qxb2 33.Nxf6+ Qxf6 34.Qxh7+ Kf8 35.Qh6+ Kg8
36.Kxe1 b3 37.Qh7+ Kf8 38.Qh6+ Kg8 39.Ne4 Qc6 40.Qe3 b2 41.Nc3 Qxc3+ 42.Qxc3 b1=Q+
43.Ke2 Qb5+ 44.Ke3 Qg5+ 45.Kf3 Qd5+ 46.Ke3 Qe6+ 47.Kf3 Qxh3 48.Qe5 Qh1+ 49.Ke2 Qc6
50.Qd4  1/2-1/2

[Event "Noviki"]
[Site "Budapest"]
[Date "1988.??.??"]
[Round "?"]
[White "Mikhalchishin, Adrian"]
[Black "Horvath, Jozsef"]
[Result "1/2-1/2"]
[WhiteElo "2480"]
[BlackElo "2495"]

1.d4 Nf6 2.c4 e6 3.g3 c5 4.Nf3 cxd4 5.Nxd4 Bb4+ 6.Bd2 Qb6 7.Bxb4 Qxb4+ 8.Nc3 Nc6
9.Nb5 O-O 10.e3 d5 11.a3  1/2-1/2

[Event "Dieren op"]
[Site "Dieren"]
[Date "1988.??.??"]
[Round "7"]
[White "Vanheste, Jeroen"]
[Black "Grooten, Herman"]
[Result "0-1"]
[WhiteElo "2390"]
[BlackElo "2325"]

1.d4 Nf6 2.c4 e6 3.g3 c5 4.d5 exd5 5.cxd5 d6 6.Nc3 g6 7.Bg2 Bg7 8.Nf3 O-O
9.O-O a6 10.a4 Nbd7 11.Bf4 Qe7 12.h3 Rb8 13.e4 b5 14.axb5 axb5 15.Ra7 Nh5
16.Bg5 Bf6 17.Bxf6 Qxf6 18.Re1 Re8 19.Qd3 c4 20.Qd4 Ne5 21.Nxe5 dxe5 22.Qc5 Qb6
23.Qxb6 Rxb6 24.Rea1 Nf6 25.R1a5 Bd7 26.Rc7 Kf8 27.f4 b4 28.Nb1 exf4 29.gxf4 Nxe4
30.Bxe4 Rxe4 31.Nd2 Rxf4 32.Nxc4 Rbf6 33.Ne3 Bxh3 34.Rc6 Bd7 35.Ra8+ Kg7
36.Rc7 Bh3 37.Rc6 Rf3 38.Nc4 R6f5 39.d6 Rg5+ 40.Kh1 Bf1  0-1

[Event "Dortmund-B"]
[Site "Dortmund"]
[Date "1988.??.??"]
[Round "?"]
[White "Kohlweyer, Bernd"]
[Black "Makropoulos, Georgios"]
[Result "1-0"]
[WhiteElo "2325"]
[BlackElo "2460"]

1.d4 Nf6 2.c4 e6 3.g3 c5 4.Nf3 a6 5.Bg2 b5 6.dxc5 Bxc5 7.Ne5 Ra7 8.Nd3 Bd4
9.cxb5 axb5 10.e3 Bb6 11.Nc3 Bb7 12.Bxb7 Rxb7 13.Nxb5 Ba5+ 14.Nc3 Qc7 15.Bd2 Qc4
16.Qe2 O-O 17.O-O d6 18.Rfc1 Qa6 19.Rc2 Rc8 20.Rac1 Rbc7 21.Be1 Nbd7 22.b4 Bb6
23.a4 Ba7 24.Nb5 Rxc2 25.Rxc2 Rb8 26.Nb2 Ne5 27.Bc3 Nfd7 28.f4 Ng6 29.Qd3 d5
30.Nxa7 Qxa7 31.Qd4 Qxd4 32.exd4 Ne7 33.Kf2 h5 34.b5 Nf5 35.Ke2 Nf6 36.Kd3 h4
37.gxh4 Nh5 38.Bd2 Nxh4 39.Rc6 Nf5 40.Nd1 Nf6 41.Nc3 Ne7 42.Rc7 Nc8 43.a5 Nd6
44.b6 Nfe8 45.Rc6 Ra8 46.Na4 Nb7 47.Nc5 Nd8 48.b7  1-0

[Event "URS-ch sf"]
[Site "Minsk"]
[Date "1988.??.??"]
[Round "?"]
[White "Basin, Leonid"]
[Black "Dydyshko, Viacheslav"]
[Result "1/2-1/2"]
[WhiteElo "2350"]
[BlackElo "2470"]

1.d4 Nf6 2.c4 e6 3.g3 c5 4.Nf3 cxd4 5.Nxd4 Qc7 6.b3 a6 7.Bg2 Bb4+ 8.Bd2 Be7
9.O-O O-O 10.Nc3 d6 11.Rc1 Nbd7 12.e3 Ne5 13.Qe2 Bd7 14.Rfd1 Rac8 15.Ne4 Rfd8
16.Nxf6+  1/2-1/2

[Event "Montpellier"]
[Site "Montpellier"]
[Date "1988.??.??"]
[Round "2"]
[White "Vincent, Stephane"]
[Black "Andruet, Gilles"]
[Result "0-1"]
[WhiteElo "2270"]
[BlackElo "2430"]

1.d4 Nf6 2.c4 e6 3.g3 c5 4.Nf3 cxd4 5.Nxd4 Qc7 6.Nd2 Bb4 7.Qb3 Nc6 8.Nb5 Qb6
9.Bg2 O-O 10.O-O d5 11.Nf3 a6 12.cxd5 exd5 13.Nc3 d4 14.Na4 Qb5 15.a3 Ba5
16.Qxb5 axb5 17.Nc5 Bb6 18.Nd3 Re8 19.Re1 Bf5 20.Bg5 Nd7 21.Rad1 f6 22.Bc1 g5
23.b4 Kg7 24.Bb2 Rad8 25.Rd2 Re7 26.Kf1 Kg6 27.Red1 Nde5 28.Nfxe5+ fxe5 29.h3 Red7
30.g4 Be6 31.Ne1 Bd5 32.e4 Bc4+ 33.Kg1 Rc8 34.Nd3 Kf6 35.Bf1 Nd8 36.Kg2 Ne6
37.Kg3 Rdc7 38.Ne1 Nf4 39.Nf3 h6 40.h4 Ra8 41.hxg5+ hxg5 42.Rc2 Rh7  0-1

[Event "URS-chT"]
[Site "Naberezhnie Chelni"]
[Date "1988.??.??"]
[Round "?"]
[White "Vaulin, Alexander"]
[Black "Tunik, Gennady"]
[Result "1/2-1/2"]
[WhiteElo "2370"]
[BlackElo "2420"]

1.d4 Nf6 2.c4 e6 3.g3 c5 4.d5 exd5 5.cxd5 d6 6.Nc3 g6 7.Bg2 Bg7 8.Nf3 O-O
9.O-O Re8 10.Bf4 Qb6 11.Rc1 Nh5 12.Bd2 Bg4 13.h3 Bxf3 14.Bxf3 Nf6 15.g4 h6
16.Rb1 Nbd7 17.Bg2 a6 18.b4 cxb4 19.Na4 Qc7 20.Bxb4 b5 21.Nc3 Qb6 22.e3 a5
23.Ba3 b4 24.Ne2 Rxe3 25.fxe3 Qxe3+ 26.Rf2 Qxa3 27.Rb3 Qa4 28.Nc3 bxc3 29.Rb8+ Rxb8
30.Qxa4 Nc5 31.Qxa5 Rb1+ 32.Rf1 c2 33.Qd2 Rb2 34.Rc1 Nce4 35.Bxe4 Nxe4 36.Qd3 Nc5
37.Qc4 Rb1 38.Qxc2 Bd4+ 39.Kf1 Rb2 40.Qc4 Rf2+ 41.Ke1 Rf4 42.Qb5 Kg7 43.Rc4 Nd3+
44.Ke2 Ne5 45.Rxd4 Rxd4 46.a4 Re4+ 47.Kd2 Rc4 48.Qb3 Rc5 49.Ke2 Kf6 50.Qb6 Nc4
51.Qb7 h5 52.g5+ Kg7 53.h4 Kf8 54.Qb8+ Ke7 55.Qb7+ Kf8 56.Qb4 Na5 57.Qb8+ Ke7
58.Qa7+ Kf8 59.Qb8+ Ke7 60.Qa7+ Ke8 61.Qa8+ Ke7 62.Kd3 Kd7 63.Ke3 Ke7 64.Ke2 Rc2+  1/2-1/2

[Event "Naestved op"]
[Site "Naestved"]
[Date "1988.??.??"]
[Round "?"]
[White "Hansen, Lars Bo"]
[Black "Smagin, Sergey"]
[Result "1/2-1/2"]
[WhiteElo "2455"]
[BlackElo "2550"]

1.d4 Nf6 2.c4 e6 3.g3 c5 4.Nf3 cxd4 5.Nxd4 Bb4+ 6.Bd2 Bc5 7.Nb3 Be7 8.Nc3 Qc7
9.Bg2 a6 10.Rc1 d6 11.O-O Nbd7 12.e4 Ne5 13.Na4 Ned7 14.Bf4 O-O 15.c5 e5
16.Be3 dxc5 17.Naxc5 Nxc5 18.Nxc5 Qa5 19.a3 Rd8 20.Qa4 Qb5 21.Qxb5 axb5 22.Rfd1 Rxd1+
23.Rxd1 Ng4 24.Nd7 Nxe3 25.fxe3 b4 26.Nb6 Bg4 27.Rb1 Rb8 28.axb4 Bxb4 29.Nd5 Bd6
30.Rc1 h6 31.Rc3 Ra8 32.Kf2 Ra7 33.Bf3 Be6 34.Rb3 Bf8 35.Be2 Bd7 36.Bb5 Bc6
37.Bxc6 bxc6 38.Nc3 Ra1 39.Ne2 Rh1 40.Kg2 Rd1 41.Kf2 Rd2 42.Rc3 Rd6 43.Rc2 h5
44.Ng1 f6 45.Nf3 Kf7 46.h3 Be7 47.g4 hxg4 48.hxg4 Bd8 49.Rd2 Ke6 50.Ke2 Ba5
51.Rxd6+ Kxd6 52.Kd3 Kc5 53.g5 fxg5 54.Nxe5 Bd8 55.Ng4 Be7 56.b3 Kd6 57.Ke2  1/2-1/2

[Event "Reykjavik op"]
[Site "Reykjavik"]
[Date "1988.??.??"]
[Round "?"]
[White "Sorensen, Torben"]
[Black "Hjartarson, Bjarni"]
[Result "1-0"]
[WhiteElo "2360"]
[BlackElo "2125"]

1.d4 Nf6 2.c4 e6 3.g3 c5 4.Nf3 d5 5.cxd5 exd5 6.Bg2 Nc6 7.O-O Be6 8.Nc3 c4
9.Ne5 Qb6 10.Nxc6 bxc6 11.Bg5 Be7 12.e4 Qxb2 13.exd5 Nxd5 14.Nxd5 cxd5 15.Bxe7 Kxe7
16.Rb1 Qa3 17.Rb7+ Kf8 18.Qh5 Qd6 19.Re1 h6 20.Rxe6 Qxe6 21.Bxd5 g6 22.Qf3  1-0

[Event "URS-FL56"]
[Site "Simferopol"]
[Date "1988.??.??"]
[Round "?"]
[White "Tukmakov, Vladimir B"]
[Black "Ulibin, Mikhail"]
[Result "1-0"]
[WhiteElo "2590"]
[BlackElo "2390"]

1.d4 e6 2.c4 Nf6 3.g3 c5 4.d5 exd5 5.cxd5 d6 6.Nc3 g6 7.Bg2 Bg7 8.Nf3 O-O
9.O-O a6 10.a4 Nbd7 11.Bf4 Qe7 12.h3 Rb8 13.Rb1 Nh5 14.Bg5 f6 15.Bd2 f5 16.b4 cxb4
17.Rxb4 Nc5 18.Nd4 Bd7 19.Qb1 a5 20.Rc4 Nxa4 21.Ncb5 Bxb5 22.Qxb5 Nc5 23.Ne6 Nxe6
24.dxe6 Nf6 25.Bxa5 Qxe6 26.Rc7 Ne4 27.Rd1 Rf7 28.Rxf7 Qxf7 29.Bxe4 fxe4
30.Rxd6 Qf5 31.Qb3+ Kh8 32.Bc3 Rf8 33.Bxg7+ Kxg7 34.Qxb7+ Kh6 35.Qa7 Rf7
36.Qe3+ Kg7 37.Qd4+ Kh6 38.g4 Qf4 39.Re6 Rc7 40.Rxe4 Qg5 41.Re5 Qh4 42.Qd6  1-0

[Event "DDR-ch 37th"]
[Site "Stralsund"]
[Date "1988.??.??"]
[Round "9"]
[White "Espig, Lutz"]
[Black "Luther, Thomas"]
[Result "1-0"]
[WhiteElo "2455"]
[BlackElo "2410"]

1.d4 Nf6 2.c4 e6 3.g3 c5 4.d5 exd5 5.cxd5 d6 6.Nc3 g6 7.Bg2 Bg7 8.Nf3 O-O
9.O-O Nbd7 10.Nd2 Re8 11.a4 a6 12.Ra2 Rb8 13.a5 b5 14.axb6 Nxb6 15.b3 Qc7
16.Qc2 Bb7 17.e4 Nfd7 18.Na4 Nxa4 19.Rxa4 Nb6 20.Ra2 a5 21.Rd1 Ba6 22.Bf1 Bxf1
23.Rxf1 Rec8 24.Nc4 a4 25.bxa4 Nxc4 26.Qxc4 Rb4 27.Qc2 c4 28.Be3 Qa5 29.Rb1 Rcb8
30.Rxb4 Rxb4 31.Kg2 c3 32.Ra3 Rb2 33.Qd3 Qb4 34.Ra1 c2 35.Bd2 Qc5 36.a5 Rb3
37.Qxb3 Bxa1 38.Bc1 Bd4 39.Qa4 Kg7 40.f3 h5 41.Qc6 Qxa5 42.Qxc2 Qe1 43.Bf4 Qg1+
44.Kh3 Qf1+ 45.Qg2 Qa6 46.g4 hxg4+ 47.Qxg4 Bc3 48.Qg3 Qf1+ 49.Qg2 Qa6 50.Qf2 Ba1
51.Kg2 Bf6 52.Qf1 Qb6 53.Qc1 Bd4 54.Bg3 Qa6 55.Qd2 Bf6 56.Qc2 Bd4 57.Qd2 Bf6
58.Qf2 Bc3 59.Qf1 Qb6 60.Qd3 Bf6 61.Qa3 Be7 62.e5 Qd4 63.exd6 Qd2+ 64.Bf2 Bf6
65.Qc5 Qg5+ 66.Bg3 Qd2+ 67.Bf2 Qg5+ 68.Kf1 Qh5 69.Ke2 Qe5+ 70.Kd3 Qf5+ 71.Kc4 Qxf3
72.Kb5 Qh3 73.Kb6 Qd7 74.Qc6 Qh3 75.Bg3 Qg4 76.Kc7 Qb4 77.d7 Qa5+ 78.Kc8 Qd8+
79.Kb7 Bg5 80.Bc7 Qf8 81.Qd6  1-0

[Event "URS Cup rapid"]
[Site "Tallinn"]
[Date "1988.??.??"]
[Round "5"]
[White "Tukmakov, Vladimir B"]
[Black "Vaisser, Anatoli"]
[Result "1-0"]
[WhiteElo "2570"]
[BlackElo "2490"]

1.d4 e6 2.c4 Nf6 3.g3 c5 4.Nf3 cxd4 5.Nxd4 a6 6.Bg2 Qc7 7.b3 Nc6 8.O-O Nxd4
9.Qxd4 Bc5 10.Qd2 h5 11.Ba3 h4 12.Bxc5 Qxc5 13.Nc3 hxg3 14.hxg3 Ng4 15.Ne4 Qh5
16.Rfd1 O-O 17.Qg5 Qh2+ 18.Kf1 f5 19.Nd6 Nf6 20.Rd4 Ne4 21.Nxe4 fxe4 22.Rxe4 Rf5
23.Qxf5 exf5 24.Rh4 Qxh4 25.gxh4 Kf7 26.Rd1 Rb8 27.Rd6 b6 28.h5 Ke7 29.Rg6 Kf8
30.Bd5 a5 31.a4 d6 32.Rxd6 Ke7 33.Rg6 Kf8 34.f4  1-0

[Event "Tel Aviv"]
[Site "Tel Aviv"]
[Date "1988.??.??"]
[Round "?"]
[White "Birnboim, Nathan"]
[Black "Blees, Albert"]
[Result "0-1"]
[WhiteElo "2465"]
[BlackElo "2390"]

1.d4 Nf6 2.c4 e6 3.g3 c5 4.d5 exd5 5.cxd5 d6 6.Nc3 g6 7.Bg2 Bg7 8.Nf3 O-O
9.O-O Na6 10.h3 Bd7 11.e4 Re8 12.Re1 b5 13.e5 dxe5 14.Nxe5 b4 15.Nb1 Nh5
16.Nc6 Bxc6 17.dxc6 Bd4 18.Rxe8+ Qxe8 19.Kf1 Qe6 20.Nd2 Re8 21.Ne4 f5 22.Nd2 Kh8
23.Bf3 Nxg3+ 24.Kg2 Ne4 25.Nb3 Bf6 26.Na5 Nc7 27.Qd7 Qxd7 28.cxd7 Rd8 29.Bxe4 fxe4
30.Nb7 Rxd7 31.Nxc5 Rd1 32.Nxe4 Bg7 33.Nc5 Nb5 34.Nb3 Kg8 35.Be3 Rxa1 36.Nxa1 Bxb2
37.Nc2 Bc3 38.Kf3 Kf7 39.Ke4 Ke6 40.Bc5 a5 41.Kd3 Kd5 42.Be7 Be5 43.Bd8 Bc7
44.Bf6 Bb6 45.f3 Bc5  0-1

[Event "Tel Aviv"]
[Site "Tel Aviv"]
[Date "1988.??.??"]
[Round "?"]
[White "Birnboim, Nathan"]
[Black "Gallagher, Joseph G"]
[Result "1-0"]
[WhiteElo "2465"]
[BlackElo "2480"]

1.d4 Nf6 2.c4 e6 3.g3 c5 4.d5 exd5 5.cxd5 d6 6.Nc3 g6 7.Bg2 Bg7 8.Nf3 O-O
9.O-O Na6 10.h3 Bd7 11.a4 Nb4 12.Nd2 Ne8 13.Nc4 Qe7 14.e4 Rd8 15.Re1 b6 16.Bf4 g5
17.Be3 h6 18.Qd2 Bc8 19.f4 Ba6 20.b3 Bxc4 21.bxc4 gxf4 22.gxf4 f5 23.Rac1 fxe4
24.Nxe4 Qh4 25.Rf1 Nf6 26.Nxf6+ Qxf6 27.f5 Rde8 28.Rf3 Kh7 29.Rcf1 Qe5 30.Kh1 Rf6
31.Bf2 Rff8 32.Bg3 Qe7 33.Re1 Qg5 34.Bf4 Qxf5 35.Bxd6 Qc2 36.Qxc2+ Nxc2 37.Re6 Rxe6
38.dxe6 Re8 39.e7 Kg8 40.Rf4 Nb4 41.Be4  1-0

[Event "Thessaloniki ol (Men)"]
[Site "Thessaloniki"]
[Date "1988.??.??"]
[Round "5"]
[White "Murugan, Krishnamoorthy"]
[Black "Thomson, Craig S M"]
[Result "1/2-1/2"]
[WhiteElo "2455"]
[BlackElo "2340"]

1.d4 Nf6 2.c4 e6 3.g3 c5 4.Nf3 cxd4 5.Nxd4 d5 6.Bg2 e5 7.Nf3 d4 8.O-O Nc6
9.e3 Bc5 10.exd4 exd4 11.Nbd2 O-O 12.Nb3 Qb6 13.Bf4 Bg4 14.h3 Bh5 15.g4 Bg6
16.Ne5 Rad8 17.Nxg6 hxg6 18.Qd3 Nd7 19.Qg3 Rc8 20.Nxc5 Nxc5 21.b4 Na4 22.a3 Nc3
23.Rfe1 a5 24.c5 Qd8 25.Bd2 axb4 26.axb4 Nxb4 27.Bxc3 dxc3 28.Qxc3 Nc6 29.Rab1 Rc7
30.Red1  1/2-1/2

[Event "Thessaloniki ol (Men)"]
[Site "Thessaloniki"]
[Date "1988.??.??"]
[Round "13"]
[White "Haba, Petr"]
[Black "Olafsson, Helgi"]
[Result "1/2-1/2"]
[WhiteElo "2470"]
[BlackElo "2525"]

1.d4 Nf6 2.c4 e6 3.g3 c5 4.Nf3 cxd4 5.Nxd4 Qb6 6.Bg2 Bc5 7.e3 Nc6 8.Nb3 Be7
9.O-O O-O 10.Nc3 d6 11.e4 Qc7 12.Be3 Ne5 13.Rc1 Nxc4 14.Nb5 Qd7 15.Rxc4 Qxb5
16.Rc7 Bd8 17.Rc3 Be7 18.Rc7 Bd8 19.Rc3 d5 20.Qc2 Bb6 21.Bc5 Bxc5 22.Rxc5 Qb4
23.a3 Qb6 24.exd5 exd5 25.Rc1 Bd7 26.Nd4 Rfe8 27.b4 a5 28.b5 Ne4 29.Rxd5 Rac8
30.Qb2 Nf6 31.Rxc8 Bxc8 32.Nf5 Qe6 33.h3 b6 34.g4 Bb7 35.Rd6 Qe1+ 36.Kh2 Bxg2
37.Kxg2 h5 38.Rxf6 Re2 39.Qd4 gxf6 40.Nh6+ Kg7 41.Nf5+ Kh7 42.Ng3 Rd2 43.Qxf6 Qe6
44.Qf3 hxg4 45.hxg4 Rd5 46.Nf5 Rc5 47.Qf4 Qd5+ 48.f3 Rc2+ 49.Kh3 Qd2 50.Ne3 Rb2
51.Qxf7+ Kh8 52.Qf8+  1/2-1/2

[Event "CSR-ch"]
[Site "Trinec"]
[Date "1988.??.??"]
[Round "3"]
[White "Haba, Petr"]
[Black "Nun, Jiri"]
[Result "1/2-1/2"]
[WhiteElo "2470"]
[BlackElo "2475"]

1.d4 Nf6 2.c4 e6 3.g3 c5 4.Nf3 cxd4 5.Nxd4 Bc5 6.Bg2 Qb6 7.e3 Nc6 8.O-O O-O
9.Nc3 Bxd4 10.exd4 Qxd4 11.Qxd4 Nxd4 12.Bf4 Ne8 13.Rfd1 Nc6 14.Nb5 f6 15.Rd2 a6
16.Nd6 Nxd6 17.Bxd6 Re8 18.c5 a5 19.Bc7 g6 20.f4 Kg7 21.Re1 Kf7 22.h4 h5
23.Bf3 Ne7 24.Kf2 Ra6 25.Rd4 a4 26.a3 Nf5 27.Rd2 Ne7 28.Rd3 Rh8 29.Rd4 Re8
30.Ree4 Nd5 31.Bd6 b5 32.f5 Bb7 33.fxg6+ Kxg6 34.Re1 Raa8 35.g4 hxg4 36.Rxg4+ Kh7
37.Be4+ f5 38.Bd3 Bc6 39.Rg5 Nf6 40.Be5 Rf8 41.Reg1 Rf7 42.Rg6 Raf8 43.Bf4 Kh8
44.Bd6 Kh7 45.Bxf8 Rxf8 46.Rg7+ Kh8 47.R7g5 Be4 48.Be2 f4 49.Bf3 Bf5 50.Re1 Rb8
51.Rd1 b4 52.Rd6 bxa3 53.bxa3 Rb2+ 54.Kg1 Rb3 55.Bd1 Rb1 56.Kh2 Rb2+ 57.Rg2 Rb1
58.Rg5 Rb2+ 59.Rg2 Rb1 60.Bf3 Ra1 61.Rd4 Rxa3 62.Rxf4 Rc3 63.Ra2 a3 64.Kg2 Rb3
65.c6 dxc6 66.Bxc6 Ng4 67.Be4 Ne3+ 68.Kg1 Kg7  1/2-1/2

[Event "Uzhgorod"]
[Site "Uzhgorod"]
[Date "1988.??.??"]
[Round "?"]
[White "Hansen, Curt"]
[Black "Stempin, Pawel"]
[Result "1-0"]
[WhiteElo "2520"]
[BlackElo "2435"]

1.d4 Nf6 2.c4 e6 3.g3 c5 4.Nf3 cxd4 5.Nxd4 Qc7 6.Nc3 a6 7.Bg2 Qxc4 8.O-O Qc7
9.e4 Nc6 10.Be3 Be7 11.Rc1 O-O 12.a3 d6 13.Nd5 exd5 14.exd5 Nxd5 15.Bxd5 Bd7
16.Qd3 Bf6 17.b4 Bxd4 18.Bxd4 Be6 19.Be4 f5 20.Bg2 f4 21.Be4 h6 22.Rfe1 Qd7
23.Bb2 Rad8 24.a4 d5 25.Bg2 Rf7 26.b5 axb5 27.axb5 Na7 28.Rcd1 Bg4 29.Bxd5 Bxd1
30.Rxd1 Kh8 31.Qg6 Qf5 32.Qxh6+ Qh7 33.Qxh7+ Kxh7 34.Be4+  1-0